000 00611nam a2200205Ia 4500
003 IN-BaIIA
008 211028s9999 xx 000 0 eng d
020 _a0-86720-018-9
040 _cIIA Library
080 _a524.3
_bBOW-1
100 _aBowers, Richard L.
_913669
245 0 _aAstrophysics
_bI, stars
_cRichard L. Bowers
260 _aBoston
_bJones and Bartlett Publishers
_c1984
300 _ax, 343p.
650 _aAstronomy and astrophysics thesaurus
650 _aAstrophysics
_9794
650 _aStar
_91183
650 _aStellar systems
_93271
942 _cBK
999 _c8110
_d8110